Periodic Table of the Elements - Click Quiz - Statistics

General Stats
  • This quiz has been taken 863 times
  • The average score is 74 of 118
Answers on the Map
Answers color-coded by a green-red scale on the quiz's map according to % correct below.
 
Answer Stats
Answer % Correct
Helium
96%
Hydrogen
92%
Lithium
92%
Oxygen
88%
Beryllium
87%
Carbon
87%
Nitrogen
86%
Aluminium
84%
Neon
84%
Boron
83%
Magnesium
83%
Fluorine
82%
Argon
81%
Silicon
81%
Chlorine
80%
Sodium
79%
Zinc
78%
Calcium
77%
Potassium
77%
Germanium
76%
Krypton
76%
Nickel
76%
Iron
75%
Vanadium
75%
Sulfur
74%
Xenon
74%
Zirconium
74%
Gallium
73%
Phosphorus
73%
Cobalt
72%
Manganese
72%
Copper
71%
Gold
71%
Rubidium
71%
Selenium
70%
Titanium
70%
Scandium
69%
Barium
68%
Bromine
68%
Chromium
68%
Iodine
68%
Uranium
68%
Cadmium
67%
Caesium
67%
Osmium
65%
Ytterbium
65%
Yttrium
65%
Europium
64%
Indium
64%
Bismuth
63%
Dysprosium
63%
Holmium
63%
Iridium
63%
Silver
63%
Technetium
63%
Americium
62%
Cerium
62%
Erbium
62%
Francium
62%
Gadolinium
62%
Arsenic
61%
Californium
61%
Einsteinium
61%
Hafnium
61%
Lutetium
61%
Polonium
60%
Strontium
60%
Actinium
59%
Lead
59%
Oganesson
59%
Berkelium
58%
Neptunium
58%
Radium
58%
Terbium
58%
Livermorium
57%
Lanthanum
56%
Neodymium
56%
Rutherfordium
56%
Mercury
55%
Nihonium
55%
Palladium
55%
Bohrium
54%
Dubnium
54%
Flerovium
54%
Hassium
54%
Niobium
54%
Nobelium
54%
Plutonium
54%
Samarium
54%
Fermium
53%
Mendelevium
53%
Molybdenum
53%
Radon
53%
Rhenium
53%
Roentgenium
53%
Ruthenium
53%
Tellurium
53%
Meitnerium
52%
Tungsten
52%
Seaborgium
51%
Tantalum
51%
Darmstadtium
50%
Platinum
50%
Copernicium
49%
Lawrencium
49%
Moscovium
49%
Tennessine
49%
Rhodium
47%
Tin
47%
Astatine
46%
Promethium
45%
Thallium
38%
Praseodymium
36%
Thorium
36%
Antimony
34%
Curium
33%
Thulium
29%
Protactinium
28%
No matching quizzes found
Score Distribution
Percent of People with Each Score
Percentile by Number Answered
Your Score History
You have not taken this quiz